|
|
|
|
| LEADER |
00000csc a2200000 a 4500 |
| 001 |
58331 |
| 005 |
20230724152735.0 |
| 008 |
000000|1974 ||||||||r|||||||||||spa|| |
| 020 |
|
|
|a 8424929373
|
| 040 |
|
|
|b spa
|
| 041 |
1 |
|
|a spa
|
| 082 |
0 |
|
|a 861.604
|
| 100 |
1 |
|
|a Flys, Miguel J.
|9 294026
|
| 245 |
1 |
1 |
|a Tres poemas de Dámaso Alonso
|c Miguel J. Flys
|h imp
|n no. 20
|
| 264 |
|
|
|a Madrid
|b Gredos
|c 1974
|
| 300 |
|
|
|a 152 páginas:
|c 18,5 cm
|
| 490 |
|
|
|a Biblioteca Universitaria Gredos
|p II.Ensayos
|v no. 20
|
| 504 |
|
|
|a incl. ref.
|
| 600 |
1 |
7 |
|a Alonso, Dámaso.
|d 1898-1990
|9 218102
|
| 650 |
1 |
|
|a Poesia española
|
| 650 |
1 |
|
|a Critica literaria
|9 621
|
| 852 |
|
|
|a UC-CDJBV
|c TERCER PISO
|f Compra
|k margarita.gutierrez
|l 1
|m General
|p 00000000
|q 71,00
|r 8
|t 58331
|b 0
|d CDRC
|e CDRC
|g 861.604 TERCER PISO
|z 0000-00-00
|
| 942 |
|
|
|0 2
|
| 999 |
|
|
|c 124169
|d 124169
|